00473nam a2200157Ia 450000500170000000800410001708200130005810000140007124500140008526000420009930000140014150000400015594200060019595200990020199900150030020250314015114.0240331s9999 xx 000 0 und d bDANa894 aDaniel, K 0aAdimaikal aChennaibAlaikal Veliyitagamc1995  a272 p .,  aA novel About 1890 - 1956 Women's  cL 001040708LaWERCLbWERCLcSSCd2024-03-31l0o 894.811 DANp2137r2024-03-31w2024-03-31yL c3977d3977